The South East Asian Review (Record no. 213488)

MARC details
000 -LEADER
fixed length control field 00373nam a2200121 4500
008 - FIXED-LENGTH DATA ELEMENTS--GENERAL INFORMATION
fixed length control field 250929b |||||||| |||| 00| 0 eng d
022 ## - INTERNATIONAL STANDARD SERIAL NUMBER
International Standard Serial Number 0257-7364
245 ## - TITLE STATEMENT
Title The South East Asian Review
Statement of responsibility, etc Edited by Sachchidanand Sahai
260 ## - PUBLICATION, DISTRIBUTION, ETC. (IMPRINT)
Place of publication, distribution, etc New Delhi
Name of publisher, distributor, etc Prints Publications Pvt Ltd
Date of publication, distribution, etc January,2024
300 ## - PHYSICAL DESCRIPTION
Extent Vol 49
310 ## - CURRENT PUBLICATION FREQUENCY
Current publication frequency Yearly
Date of current publication frequency January,2024
942 ## - ADDED ENTRY ELEMENTS (KOHA)
Source of classification or shelving scheme Dewey Decimal Classification
Item type Periodicals
Call number suffix SOU
Serial record 1
Holdings
Withdrawn status Lost status Source of classification or shelving scheme Damaged status Not for loan Collection code Home library Current library Shelving location Date acquired Source of acquisition Cost, normal purchase price Total Checkouts Full call number Date last seen Copy number Cost, replacement price Price effective from Koha item type
    Dewey Decimal Classification   Not For Loan Non-fiction D.B.Act.Division D.B.Act.Division On Display 29/09/2025 DBAD 1500.00   SOU 29/09/2025 1 1500.00 29/09/2025 Periodicals

© Delhi Public Library
Hit Counter
free hit counter